<?xml version="1.0" encoding="UTF-8"?>
<marc:record xmlns:marc="http://www.loc.gov/MARC21/slim">
   <marc:leader>00000nam a2200000 a 4500</marc:leader>
   <marc:datafield ind1="1" ind2=" " tag="100">
      <marc:subfield code="a">Straub, Wolfgang (Verfasser)</marc:subfield>
      <marc:subfield code="4">aut</marc:subfield>
      <marc:subfield code="e">Verfasser/-in</marc:subfield>
   </marc:datafield>
   <marc:datafield ind1=" " ind2=" " tag="653">
      <marc:subfield code="a">Reiseführer</marc:subfield>
   </marc:datafield>
   <marc:datafield ind1=" " ind2=" " tag="653">
      <marc:subfield code="a">Salzburg</marc:subfield>
   </marc:datafield>
   <marc:datafield ind1="0" ind2="0" tag="245">
      <marc:subfield code="a">Salzburg abseits der Pfade</marc:subfield>
   </marc:datafield>
   <marc:datafield ind1="0" ind2="0" tag="245">
      <marc:subfield code="b">; eine etwas andere Reise durch die unbekannten Seiten der Mozart-Stadt</marc:subfield>
   </marc:datafield>
   <marc:datafield ind1=" " ind2="1" tag="264">
      <marc:subfield code="b">Braumüller</marc:subfield>
      <marc:subfield code="c">2017</marc:subfield>
   </marc:datafield>
   <marc:datafield ind1="1" ind2=" " tag="520">
      <marc:subfield code="a">"Rom des Nordens" Salzburg: Die Stadt ist seit Jahrhunderten ein Faszinosum ob ihrer landschaftlichen Lage und architektonischen Schönheit. Doch die Landeshauptstadt hat viel mehr zu bieten als die weltberühmte Renaissance- und Barock-Altstadt. Wolfgang Straub, gebürtiger Salzburger, führt die Mitreisenden an weniger bekannte Orte: Mitten in der Stadt kann man mit etwas Glück eine Kolonie an Gämsen beobachten oder man entdeckt die Kunstschätze im ältesten Frauenkloster des deutschen Sprachraums, die vernachlässigte Architektur der Salzburger Nachkriegsmoderne, die Spuren des Bayerischen (Bier!) ebenso wie die Ursprünge des Salzburg-Tourismus im Aigner Schlosspark. Und der Altstadt nähert man sich auf den Spuren des Wassers an: durch einen mittelalterlichen Tunnel durch den Mönchsberg, der für die Wasser- und Energieversorgung sowie eine eigentümliche Art der Straßenreinigung sorgte.</marc:subfield>
   </marc:datafield>
   <marc:datafield ind1=" " ind2=" " tag="020">
      <marc:subfield code="a">9783991002093</marc:subfield>
      <marc:subfield code="9">9783991002093</marc:subfield>
   </marc:datafield>
</marc:record>
